Геотехнологический информационно-моделирующий комплекс для оптимизации процесса подземного выщелачивания урана; Известия Томского политехнического университета [Известия ТПУ]; Т. 308, № 3

Bibliografiska uppgifter
Parent link:Известия Томского политехнического университета [Известия ТПУ]/ Томский политехнический университет (ТПУ).— , 2000-
Т. 308, № 3.— 2005.— [С. 78-83]
Övriga upphovsmän: Жиганов А. А., Носков М. Д., Истомин А. Д., Кеслер А. Г., Невзорова Н. С.
Sammanfattning:Заглавие с титульного листа
Электронная версия печатной публикации
Представлен геотехнологический информационно-моделирующий комплекс, предназначенный для оптимизации добычи урана методом подземного выщелачивания. Комплекс включает в себя геотехнологическую информационную и моделирующую системы. Геотехнологическая информационная система позволяет вводить, редактировать и отображать параметры, характеризующие состояние продуктивного горизонта, а также характеристики технологических скважин. Моделирующая система описывает физико-химические процессы, происходящие в продуктивном горизонте при подземном выщелачивании урана. Комплекс может быть использован для оптимизации разработки месторождений урана методом подземного выщелачивания с целью повышения рентабельности разработки месторождений, увеличения доли извлекаемого урана и снижения экологической нагрузки на окружающую среду.
Språk:ryska
Publicerad: 2005
Serie:Технические науки
Ämnen:
Länkar:http://www.lib.tpu.ru/fulltext/v/Bulletin_TPU/2005/v308/i3/15.pdf
Materialtyp: Elektronisk Bokavsnitt
KOHA link:https://koha.lib.tpu.ru/cgi-bin/koha/opac-detail.pl?biblionumber=170364

MARC

LEADER 00000nla2a2200000 4500
001 170364
005 20231031163701.0
035 |a (RuTPU)RU\TPU\book\184760 
035 |a RU\TPU\book\184759 
090 |a 170364 
100 |a 20091121d2005 k y0rusy50 ca 
101 0 |a rus 
102 |a RU 
135 |a drnn ---uucaa 
181 0 |a i  
182 0 |a b 
200 1 |a Геотехнологический информационно-моделирующий комплекс для оптимизации процесса подземного выщелачивания урана  |b Электронный ресурс  |f А. А. Жиганов [и др.] 
203 |a Текст  |c электронный 
215 |a 1 файл (427 Кб) 
225 1 |a Технические науки 
230 |a Электронные текстовые данные (1 файл : 427 Кб) 
300 |a Заглавие с титульного листа 
300 |a Электронная версия печатной публикации 
320 |a [Библиогр.: с. 83 (9 назв.)] 
330 |a Представлен геотехнологический информационно-моделирующий комплекс, предназначенный для оптимизации добычи урана методом подземного выщелачивания. Комплекс включает в себя геотехнологическую информационную и моделирующую системы. Геотехнологическая информационная система позволяет вводить, редактировать и отображать параметры, характеризующие состояние продуктивного горизонта, а также характеристики технологических скважин. Моделирующая система описывает физико-химические процессы, происходящие в продуктивном горизонте при подземном выщелачивании урана. Комплекс может быть использован для оптимизации разработки месторождений урана методом подземного выщелачивания с целью повышения рентабельности разработки месторождений, увеличения доли извлекаемого урана и снижения экологической нагрузки на окружающую среду. 
337 |a Adobe Reader 
461 1 |0 (RuTPU)RU\TPU\book\176237  |t Известия Томского политехнического университета [Известия ТПУ]  |f Томский политехнический университет (ТПУ)  |d 2000- 
463 1 |0 (RuTPU)RU\TPU\book\184739  |t Т. 308, № 3  |v [С. 78-83]  |d 2005  |p 263 с. 
610 1 |a геотехнологические комплексы 
610 1 |a информационно-моделирующие комплексы 
610 1 |a оптимизация 
610 1 |a процессы 
610 1 |a подземное выщелачивание 
610 1 |a уран 
610 1 |a добыча 
610 1 |a методы 
610 1 |a геотехнологические системы 
610 1 |a информационные системы 
610 1 |a моделирующие системы 
610 1 |a параметры 
610 1 |a продуктивные горизонты 
610 1 |a характеристики 
610 1 |a технологические скважины 
610 1 |a физико-химические процессы 
610 1 |a разработки 
610 1 |a месторождения 
610 1 |a рентабельность 
610 1 |a увеличение 
610 1 |a снижение 
610 1 |a экологическая нагрузка 
610 1 |a окружающая среда 
610 1 |a электронный ресурс 
701 1 |a Жиганов  |b А. А. 
701 1 |a Носков  |b М. Д. 
701 1 |a Истомин  |b А. Д. 
701 1 |a Кеслер  |b А. Г. 
701 1 |a Невзорова  |b Н. С. 
801 1 |a RU  |b 63413507  |c 20090623  |g PSBO 
801 2 |a RU  |b 63413507  |c 20210927  |g PSBO 
856 4 |u http://www.lib.tpu.ru/fulltext/v/Bulletin_TPU/2005/v308/i3/15.pdf 
942 |c CF